000 01247nam a2200325Li 4500
001 ocn690483916
003 TZ-ArACH
005 20111007125824.0
008 100827s2010 fr f lb 001 0 fre d
020 _a9782247088959 (rel)
035 _a(OCoLC)690483916
040 _encafnor
_bfre
_cTZ-ArACH
041 _afre
049 _aTZAA
050 4 _aKJV444.2
110 1 _aFrance.
_eAuteur.
_9250
245 1 0 _aCode civil 2011
_h[Texte imprimé] /
_c[France].
246 1 3 _aCode civil 2011
250 _a110e édition, édition 2011. /
_brédigée avec le concours de Guy Venandet,... François Jacob,... Xavier Henry,... [et al.]
260 _aParis :
_bDalloz,
_cDL 2010.
300 _a1 vol. (XLII-2882-5 p.) ;
_c20 cm.
490 1 _aCodes Dalloz
504 _aNotes bibliogr. Chronologie. Index.
650 7 _aDroit civil
_zFrance
_xCodes
_9251
650 7 _aCivil law
_zFrance
_xCodes
_92613
830 0 _aPetits codes Dalloz.
_9252
942 _2lcc
_cBOOK
999 _c1087
_d1087